[Event "AUTO-ADV-4011"]
[Site "http://www.queenalice.com/game.php?id=1525979"]
[Date "2018.5.3"]
[Round "1"]
[White "Jaumins"]
[Black "chessman"]
[Result "1-0"]
[WhiteElo "1805"]
[BlackElo "1858"]

1. d4 d5 2. e3 e6 3. Nf3 c5 4. b3 Nc6 5. Bb5 Bd7 6. Bb2 Nf6 7. O-O Be7 8. dxc5
Bxc5 9. Nc3 O-O 10. Na4 Be7 11. Bd3 a6 12. c4 dxc4 13. Bxc4 b5 14. Nb6 Rb8 15.
Nxd7 Qxd7 16. Be2 Qxd1 17. Raxd1 Rbd8 18. Rc1 Rc8 19. a4 Na7 20. Ne5 Rfd8 21.
Bd4 bxa4 22. Bxa7 1-0

[Event "AUTO-ADV-4011"]
[Site "http://www.queenalice.com/game.php?id=1525980"]
[Date "2018.5.3"]
[Round "1"]
[White "chessman"]
[Black "Jaumins"]
[Result "1-0"]
[WhiteElo "1780"]
[BlackElo "1823"]

1. e4 e5 2. Nf3 d6 3. d4 exd4 4. Nxd4 Nh6 5. Nc3 g6 6. Be3 Bg7 7. Be2 O-O 8. f3
c5 9. Nb3 Nc6 10. O-O Be6 11. Qd2 Qh4 12. Bg5 Qh5 13. f4 Bg4 14. Bxg4 Qxg4 15.
Qxd6 f6 16. Bxh6 Bxh6 17. f5 Be3+ 18. Kh1 Rad8 19. Qg3 Qxg3 20. hxg3 g5 21. Nd5
Bd4 22. c3 Be5 23. g4 Kf7 24. Nxc5 b6 25. Ne6 Rxd5 26. exd5 Ne7 27. c4 Rh8 28.
g3 Bxg3 29. Rf3 Be5 30. Rb1 Rc8 31. b3 Ng8 32. Kg2 Nh6 33. Rh1 Rh8 34. Rxh6 1-0

[Event "JORDI BARCELONA vs ZOMBIE JOSE "]
[Site "http://www.queenalice.com/game.php?id=1528864"]
[Date "2018.5.28"]
[Round "-"]
[White "JOSETEZOMBIE"]
[Black "Jaumins"]
[Result "1-0"]
[WhiteElo "2269"]
[BlackElo "1780"]

1. d4 d5 2. c4 e6 3. Nf3 Bb4+ 4. Nc3 Bxc3+ 5. bxc3 dxc4 6. e4 b5 7. a4 c6 8. Ba3
Qf6 9. e5 Qf4 10. Nd2 Qg5 11. axb5 cxb5 12. Qf3 Nc6 13. Qxc6+ Kd8 14. Bd6 1-0

[Event "AUTO-ADV-4044"]
[Site "http://www.queenalice.com/game.php?id=1535272"]
[Date "2018.7.18"]
[Round "1"]
[White "JoseMessias"]
[Black "Jaumins"]
[Result "0-1"]
[WhiteElo "1711"]
[BlackElo "1783"]

1. g3 d5 2. d4 e6 3. Bg2 Nf6 4. Nc3 Bb4 5. a3 Bd6 6. Bg5 O-O 7. e4 Be7 8. Bxf6
Bxf6 9. e5 Bg5 10. h4 Be7 11. h5 h6 12. Qg4 c5 13. Nge2 Nc6 14. O-O-O b5 15.
Nxb5 Ba6 16. a4 Qa5 17. Nec3 Bxb5 18. Nxb5 Qxa4 19. Nc7 Nxd4 20. Nxa8 Qxc2# 0-1

[Event "AUTO-ADV-4044"]
[Site "http://www.queenalice.com/game.php?id=1535273"]
[Date "2018.7.18"]
[Round "1"]
[White "Jaumins"]
[Black "JoseMessias"]
[Result "1-0"]
[WhiteElo "1822"]
[BlackElo "1707"]

1. d4 d5 2. Nf3 Nc6 3. e3 Bf5 4. Bd3 Bg4 5. O-O e5 6. Be2 exd4 7. Nxd4 Bxe2 8.
Qxe2 Bc5 9. Re1 Nge7 10. c3 O-O 11. b4 Bxd4 12. exd4 Nf5 13. Be3 Re8 14. Nd2 Re6
15. Qf3 Qh4 16. Qxf5 Ne7 17. Qf3 Nf5 18. Qxf5 Rae8 19. Nf3 Qf6 20. Qxd5 c6 21.
Qh5 g6 22. Qh3 b5 23. Red1 h5 24. Bg5 Qg7 25. a4 f6 26. Bd2 Kf7 27. axb5 cxb5
28. Rxa7+ R8e7 29. Rxe7+ Rxe7 30. d5 f5 31. Ng5+ Kf6 32. c4 Rd7 33. Bc3+ Kxg5
34. Bxg7 Rxg7 35. Qg3+ Kh6 36. c5 g5 37. h3 f4 38. Qa3 g4 39. h4 f3 40. g3 Re7
41. d6 Rd7 42. c6 Rf7 43. c7 1-0

[Event "AUTO-ADV-4044"]
[Site "http://www.queenalice.com/game.php?id=1535284"]
[Date "2018.7.18"]
[Round "1"]
[White "Rafale2000"]
[Black "Jaumins"]
[Result "1-0"]
[WhiteElo "1906"]
[BlackElo "1796"]

1. g4 d5 2. Bg2 Bxg4 3. c4 Be6 4. Qb3 Qc8 5. cxd5 Bf5 6. d6 c6 7. dxe7 Bxe7 8.
d3 Be6 9. Qc2 Nf6 10. Nc3 O-O 11. Bg5 Qd7 12. O-O-O Na6 13. Nf3 Nb4 14. Qb1 Nfd5
15. Bxe7 Nxe7 16. d4 Bf5 17. e4 Bg6 18. Ne5 Qd6 19. Nxg6 Qxg6 20. Rhg1 Qh6+ 21.
Rd2 Qxh2 22. Rdd1 Nd3+ 23. Qxd3 Rad8 24. d5 b5 25. Kb1 b4 26. Ne2 Qe5 27. f4 Qb8
28. d6 Rxd6 29. Qxd6 Qxd6 30. Rxd6 c5 31. e5 a5 32. Ra6 1-0

[Event "AUTO-ADV-4044"]
[Site "http://www.queenalice.com/game.php?id=1535285"]
[Date "2018.7.18"]
[Round "1"]
[White "Jaumins"]
[Black "Rafale2000"]
[Result "0-1"]
[WhiteElo "1777"]
[BlackElo "1959"]

1. d4 Nf6 2. Nf3 d5 3. e3 Bg4 4. Be2 e6 5. Ne5 Bxe2 6. Qxe2 Bd6 7. Qb5+ Nbd7 8.
Qxb7 Nxe5 9. dxe5 Bxe5 10. Qb5+ Qd7 11. Qe2 O-O 12. f4 Bd6 13. O-O c5 14. Bd2 a5
15. Bc3 Be7 16. Be5 Ne4 17. Nd2 Nf6 18. f5 exf5 19. Nf3 Ne4 20. Bf4 d4 21. Ne5
Qb7 22. Nc4 Qb5 23. b3 dxe3 24. Qxe3 a4 25. Rfd1 axb3 26. cxb3 Bf6 27. a4 Qb4
28. Rab1 Nc3 29. Qd2 Nxb1 30. Qxb4 cxb4 31. Rxb1 Bc3 32. Nb6 Bd4+ 0-1

[Event "AUTO-ADV-4044"]
[Site "http://www.queenalice.com/game.php?id=1535292"]
[Date "2018.7.18"]
[Round "1"]
[White "Jaumins"]
[Black "fabricioprado"]
[Result "1-0"]
[WhiteElo "1784"]
[BlackElo "1744"]

1. d4 d5 2. Nf3 Nc6 3. e3 Bf5 4. Bd3 Be4 5. O-O Nf6 6. c4 e6 7. Nc3 Bxf3 8. Qxf3
Be7 9. b3 O-O 10. Bb2 dxc4 11. bxc4 h6 12. Rfd1 Qc8 13. d5 exd5 14. cxd5 Ne5 15.
Qg3 Nxd3 16. Rxd3 a6 17. e4 Nh7 18. Ne2 f6 19. Nf4 Bd6 20. Qf3 Ng5 21. Qe3 Bxf4
22. Qxf4 Qd7 23. e5 fxe5 24. Qxe5 Rae8 25. Qg3 Re4 26. Rc1 Rf5 27. h4 Nh7 28.
Rxc7 Re1+ 29. Kh2 Rg5 30. hxg5 Qf5 31. Rxg7+ Kf8 32. Rf3 1-0

[Event "AUTO-ADV-4044"]
[Site "http://www.queenalice.com/game.php?id=1535293"]
[Date "2018.7.18"]
[Round "1"]
[White "fabricioprado"]
[Black "Jaumins"]
[Result "0-1"]
[WhiteElo "1760"]
[BlackElo "1768"]

1. e4 e5 2. Nf3 d6 3. Bc4 Nf6 4. Nc3 Be7 5. d4 O-O 6. O-O Bg4 7. Re1 Nc6 8. h3
Bxf3 9. Qxf3 Nxd4 10. Qd3 Nd7 11. Ne2 Nc5 12. Qc3 Nxe4 13. Qd3 d5 14. Bb3 f5 15.
Nxd4 exd4 16. Qxd4 c6 17. a3 Bc5 18. Qd1 Bxf2+ 19. Kf1 Bxe1 20. Qxe1 f4 21. Kg1
f3 22. Be3 Qf6 23. gxf3 Qg6+ 24. Kh2 Rxf3 25. Qg1 Qh5 26. Qg2 Rxe3 27. Rf1 Rf8
28. Rxf8+ Kxf8 29. Qf1+ Kg8 0-1

[Event "AUTO-ADV-4011"]
[Site "http://www.queenalice.com/game.php?id=1536828"]
[Date "2018.7.31"]
[Round "2"]
[White "uschmidi"]
[Black "Jaumins"]
[Result "0-1"]
[WhiteElo "2009"]
[BlackElo "1798"]

1. d4 d5 2. e3 Nf6 3. Bd3 e6 4. f4 Bd6 5. Nf3 O-O 6. O-O Ne4 7. Ne5 f6 8. Ng4 c5
9. c3 Nc6 10. Qf3 cxd4 11. cxd4 Bd7 12. Nc3 Nb4 13. Be2 Qb6 14. a3 Nc2 15. Rb1
Nxc3 16. bxc3 Qxb1 17. Bd3 Qb3 18. Qg3 Qxc3 19. Be2 Nxa3 0-1

[Event "AUTO-ADV-4011"]
[Site "http://www.queenalice.com/game.php?id=1536832"]
[Date "2018.7.31"]
[Round "2"]
[White "chessman"]
[Black "Jaumins"]
[Result "1-0"]
[WhiteElo "1979"]
[BlackElo "1823"]

1. e4 e5 2. Nf3 d6 3. d4 exd4 4. Nxd4 Nf6 5. Nc3 g6 6. Be2 Bg7 7. O-O O-O 8. h3
a6 9. Be3 Bd7 10. Qd2 c5 11. Nf3 Bc6 12. Rad1 Bxe4 13. Qxd6 Nc6 14. Nxe4 Nxe4
15. Qxd8 Nxd8 16. c3 b6 17. Bd3 Nf6 18. Rd2 Nc6 19. Rfd1 Na5 20. b4 c4 21. bxa5
cxd3 22. Bxb6 Ne4 23. Rxd3 Nxc3 24. R1d2 Na4 25. Bd4 Rfd8 26. Bxg7 Rxd3 27. Rxd3
Kxg7 28. Rd6 Nc3 29. Ne1 Nxa2 30. Nd3 Nc3 31. Nc5 Rb8 32. Rxa6 Rb5 33. Nd3 Kf8
34. Ra8+ Ke7 35. a6 Kd7 36. a7 Rb7 37. Rf8 1-0

[Event "AUTO-ADV-4011"]
[Site "http://www.queenalice.com/game.php?id=1536833"]
[Date "2018.7.31"]
[Round "2"]
[White "Jaumins"]
[Black "chessman"]
[Result "0-1"]
[WhiteElo "1833"]
[BlackElo "1976"]

1. d4 d5 2. Nc3 e6 3. Bf4 a6 4. Nf3 Nf6 5. e3 c5 6. Ne5 Nc6 7. Nxc6 bxc6 8. Bd3
cxd4 9. exd4 Be7 10. O-O O-O 11. Qf3 c5 12. dxc5 Bxc5 13. Qg3 Re8 14. Bh6 Bf8
15. Ne2 e5 16. Bg5 e4 17. Bxe4 dxe4 18. Rad1 Qe7 19. Rfe1 Bb7 20. Nd4 h6 21.
Bxh6 Qe5 22. Bf4 Qh5 23. h3 Qa5 24. Bg5 Qb6 25. Nf5 Nh5 26. Qc3 Nf6 27. Bxf6
Qxf6 28. Qxf6 gxf6 29. Nd6 Bxd6 30. Rxd6 Kg7 31. Re3 Re6 32. Rg3+ Kh8 33. Rd7
Bc6 34. Rxf7 Rg8 0-1

[Event "AUTO-ADV-4060"]
[Site "http://www.queenalice.com/game.php?id=1539924"]
[Date "2018.8.23"]
[Round "1"]
[White "Wefferson44"]
[Black "Jaumins"]
[Result "1-0"]
[WhiteElo "2023"]
[BlackElo "1842"]

1. e4 e5 2. Bc4 Nf6 3. Nc3 Bc5 4. Nf3 Nc6 5. d3 O-O 6. Bg5 Be7 7. h4 d6 8. h5 h6
9. Be3 Ng4 10. Bd2 Nd4 11. Nxd4 Bg5 12. Nf5 Bxf5 13. exf5 Bxd2+ 14. Qxd2 Nf6 15.
O-O-O Qd7 16. Nd5 Nxd5 17. Bxd5 c6 18. Bb3 Qxf5 19. Qe2 a5 20. a3 a4 21. Ba2 b5
22. g4 Qf4+ 23. Kb1 b4 24. Qe4 Qxf2 25. Qxb4 c5 26. Qe4 Qf6 27. Rdf1 Qe7 28. Bd5
1-0

[Event "AUTO-ADV-4060"]
[Site "http://www.queenalice.com/game.php?id=1539925"]
[Date "2018.8.23"]
[Round "1"]
[White "Jaumins"]
[Black "Wefferson44"]
[Result "0-1"]
[WhiteElo "1852"]
[BlackElo "2000"]

1. d4 e6 2. e3 Nf6 3. Nf3 b6 4. Ne5 Bb7 5. f3 d6 6. Nc4 Nbd7 7. Bd3 d5 8. Ne5
Nxe5 9. dxe5 Nd7 10. f4 Nc5 11. Nc3 Qh4+ 12. g3 Qh3 13. Bf1 Qh6 14. Bg2 O-O-O
15. Nb5 Kb8 16. Nd4 Be7 17. Bd2 Ne4 18. Qe2 g5 19. f5 Bc5 20. O-O-O Qg7 21. fxe6
Bxd4 22. exf7 Bxe5 23. Rhf1 Bxb2+ 24. Kb1 Ba3 0-1

[Event "AUTO-ADV-4060"]
[Site "http://www.queenalice.com/game.php?id=1539936"]
[Date "2018.8.23"]
[Round "1"]
[White "Pin"]
[Black "Jaumins"]
[Result "1/2-1/2"]
[WhiteElo "1949"]
[BlackElo "1827"]

1. e4 e5 2. Nf3 d6 3. d4 Nf6 4. Nc3 Be7 5. Be2 O-O 6. O-O exd4 7. Nxd4 c5 8. Nf5
Bxf5 9. exf5 Nc6 10. Bg5 Nd4 11. Bd3 Nd7 12. Be3 Ne5 13. Bxd4 cxd4 14. Nd5 Rc8
15. Nxe7+ Qxe7 16. Re1 Qg5 17. Be4 b6 18. Rf1 Nc4 19. f4 Qh6 20. Qxd4 Qf6 21.
Qxf6 gxf6 22. b3 Nd2 23. Rfe1 Nxe4 24. Rxe4 Rxc2 25. h3 Kh8 26. Re7 Rg8 27. g4
h5 28. Rxf7 hxg4 29. h4 Rg7 30. Rxf6 g3 31. Rxd6 Rf2 32. Re1 Rxf4 33. Rh6+ Kg8
34. f6 Rh7 35. Rg6+ Kf7 36. Rxg3 Kxf6 37. Rf1 Rxf1+ 38. Kxf1 Rxh4 1/2-1/2

[Event "AUTO-ADV-4060"]
[Site "http://www.queenalice.com/game.php?id=1539937"]
[Date "2018.8.23"]
[Round "1"]
[White "Jaumins"]
[Black "Pin"]
[Result "1-0"]
[WhiteElo "1832"]
[BlackElo "1928"]

1. d4 Nf6 2. e3 d6 3. Nf3 g6 4. Bd3 Bg7 5. O-O O-O 6. e4 c5 7. e5 dxe5 8. dxe5
Ng4 9. Re1 Nc6 10. Bf4 Nd4 11. Nxd4 cxd4 12. h3 Nh6 13. Nd2 Bf5 14. Nb3 Rc8 15.
Qf3 Re8 16. Qxb7 Rc7 17. Qb4 Bxd3 18. e6 Rxc2 19. Rad1 Be2 20. Rd2 d3 21. Rxc2
dxc2 22. Bxh6 Bxh6 23. exf7+ Kxf7 24. Rxe2 Qd1+ 25. Re1 Qd3 26. g3 Qd6 27. Qc4+
Kf8 28. Qxc2 Bg7 29. Nc5 e5 30. Ne4 Qe7 31. Re3 Bh6 32. Rf3+ Kg7 33. Rc3 Kh8 34.
Rc7 Qf8 35. Rxa7 Bg7 36. a3 Rc8 37. Qd3 Qf5 38. g4 Qf4 39. b4 Rc1+ 40. Kg2 h6
41. b5 h5 42. g5 h4 43. b6 Ra1 44. b7 Qc1 45. b8=Q+ Kh7 46. Nf6# 1-0

[Event "AUTO-ADV-4060"]
[Site "http://www.queenalice.com/game.php?id=1539942"]
[Date "2018.8.23"]
[Round "1"]
[White "maurice91"]
[Black "Jaumins"]
[Result "1-0"]
[WhiteElo "1977"]
[BlackElo "1837"]

1. d4 d5 2. c4 e6 3. Nc3 Bb4 4. cxd5 exd5 5. f3 Qh4+ 6. g3 Qf6 7. Bg2 Ne7 8. e3
O-O 9. Ne2 Be6 10. O-O Nbc6 11. a3 Bd6 12. b3 Na5 13. e4 dxe4 14. Nxe4 Qg6 15.
Nxd6 Bxb3 16. Qd2 cxd6 17. Qxa5 Qc2 18. Qd2 Rac8 19. Nf4 Qc4 20. Re1 Nf5 21. g4
Nxd4 22. Re4 Nxf3+ 23. Bxf3 Qc5+ 24. Qe3 1-0

[Event "AUTO-ADV-4060"]
[Site "http://www.queenalice.com/game.php?id=1539943"]
[Date "2018.8.23"]
[Round "1"]
[White "Jaumins"]
[Black "maurice91"]
[Result "1-0"]
[WhiteElo "1813"]
[BlackElo "2001"]

1. d4 d5 2. e3 c5 3. Bb5+ Bd7 4. Qe2 e6 5. Nc3 cxd4 6. exd4 Nc6 7. Nf3 Qa5 8.
O-O Nf6 9. Bd2 Bb4 10. a3 Bd6 11. Nxd5 Qd8 12. Nxf6+ Qxf6 13. Bg5 Qf5 14. Bd3
Qa5 15. b4 Qc7 16. c3 O-O 17. Qe4 f5 18. Qh4 Be8 19. Rfe1 Qf7 20. Bc4 Qg6 21.
Rxe6 Qh5 22. Rh6+ 1-0

[Event "AUTO-ADV-4154"]
[Site "http://www.queenalice.com/game.php?id=1565203"]
[Date "2019.3.23"]
[Round "1"]
[White "Jaumins"]
[Black "Eggchaser"]
[Result "0-1"]
[WhiteElo "1823"]
[BlackElo "1904"]

1. d4 Nf6 2. e3 d5 3. Nf3 Bg4 4. Be2 e6 5. O-O Bd6 6. Ne5 Bxe2 7. Qxe2 Nbd7 8.
c4 dxc4 9. Qxc4 Bxe5 10. dxe5 Nd5 11. Qa4 O-O 12. b3 Nxe5 13. Bb2 Nd3 14. Bxg7
Kxg7 15. Qg4+ Kh8 16. Qd4+ Qf6 17. Qxf6+ Nxf6 18. Nc3 c6 19. Rfd1 Rad8 20. Ne2
Nb4 21. a3 Nbd5 22. b4 Rd7 23. e4 Nxe4 24. f3 Nef6 25. g4 Rfd8 26. g5 Nh5 27. h4
Ndf4 28. Rxd7 Nxe2+ 29. Kf2 Rxd7 30. Kxe2 Nf4+ 31. Ke3 Ng2+ 32. Kf2 Nxh4 33. Kg3
Nf5+ 34. Kg4 Kg7 35. f4 Kg6 0-1

[Event "AUTO-ADV-4154"]
[Site "http://www.queenalice.com/game.php?id=1565204"]
[Date "2019.3.23"]
[Round "1"]
[White "Eggchaser"]
[Black "Jaumins"]
[Result "1-0"]
[WhiteElo "1917"]
[BlackElo "1810"]

1. Nf3 d5 2. b3 c5 3. e3 Qa5 4. Bb2 Nf6 5. Nc3 e6 6. Be2 Bd6 7. O-O O-O 8. Nb5
Qb6 9. Nxd6 Qxd6 10. Ne5 Nc6 11. f4 Ne4 12. d3 Nf6 13. Nxc6 Qxc6 14. Bxf6 gxf6
15. Bf3 Qd6 16. Qe2 Bd7 17. c4 Bc6 18. Rac1 dxc4 19. dxc4 Bxf3 20. Qxf3 Kh8 21.
Rfd1 Qa6 22. a4 Rg8 23. Rd7 Rg7 24. Qxb7 Qxb7 25. Rxb7 e5 26. Rd1 Rag8 27. g3
exf4 28. exf4 h5 29. Rd3 h4 30. Kf2 a6 31. Rc7 Rxg3 32. hxg3 h3 33. Rxf7 Rg6 34.
Rd8+ Rg8 35. Rxg8+ Kxg8 36. Rxf6 1-0

[Event "AUTO-ADV-4154"]
[Site "http://www.queenalice.com/game.php?id=1565205"]
[Date "2019.3.23"]
[Round "1"]
[White "Jaumins"]
[Black "renato"]
[Result "0-1"]
[WhiteElo "1777"]
[BlackElo "1817"]

1. d4 d5 2. e3 a6 3. Be2 Nc6 4. Nf3 e6 5. O-O Nf6 6. c4 b6 7. Nc3 Be7 8. Re1
dxc4 9. Bxc4 b5 10. Ne5 Nxe5 11. dxe5 Qxd1 12. Rxd1 Nd7 13. Bd3 Bb7 14. Be4 Bxe4
15. Nxe4 Nxe5 16. Nc3 O-O 17. f4 Nc4 18. Rd7 Bd6 19. b3 Nb6 20. Rxd6 cxd6 21.
Ba3 Rfd8 22. Ne4 d5 23. Nc5 Ra7 24. Bb2 Rc8 25. Nd3 a5 26. Bd4 Rb7 27. Nc5 Rbc7
28. Nd3 Nd7 29. Rf1 f5 30. Rf3 Nf8 31. Bb6 Rc3 0-1

[Event "AUTO-ADV-4154"]
[Site "http://www.queenalice.com/game.php?id=1565206"]
[Date "2019.3.23"]
[Round "1"]
[White "renato"]
[Black "Jaumins"]
[Result "1-0"]
[WhiteElo "1824"]
[BlackElo "1792"]

1. e4 e5 2. Nf3 d6 3. h3 Nf6 4. d3 Be7 5. Nc3 O-O 6. Be2 Nc6 7. a3 Be6 8. b4 a6
9. Bb2 Nd4 10. Nxd4 d5 11. Nxe6 fxe6 12. Qd2 d4 13. Nb1 c5 14. bxc5 Bxc5 15. O-O
Qe7 16. c3 Rac8 17. cxd4 exd4 18. e5 Nd5 19. Bf3 Rxf3 20. gxf3 Qh4 21. Bc1 Rf8
22. Qg5 Qxh3 23. Qg4 Rxf3 24. Qxh3 Rxh3 25. Kg2 Rxd3 26. Nd2 Nf4+ 27. Kg1 Ne2+
28. Kg2 Nxc1 29. Rfxc1 Be7 30. Rc8+ 1-0

[Event "AUTO-ADV-4154"]
[Site "http://www.queenalice.com/game.php?id=1565207"]
[Date "2019.3.23"]
[Round "1"]
[White "Jaumins"]
[Black "Asspain"]
[Result "0-1"]
[WhiteElo "1798"]
[BlackElo "2044"]

1. d4 Nf6 2. e3 Nc6 3. Bd3 e5 4. Nf3 e4 5. Bxe4 Nxe4 6. O-O d5 7. Nfd2 Nxd2 8.
Nxd2 Be6 9. b3 Bd6 10. Bb2 Qh4 11. Nf3 Qh6 12. Re1 O-O-O 13. e4 dxe4 14. Rxe4
Bd5 15. Re1 Bxf3 16. Qxf3 Qxh2+ 17. Kf1 Qh1+ 18. Ke2 Rhe8+ 19. Kd2 Qh6+ 20. Kd1
Rxe1+ 21. Kxe1 Re8+ 22. Kd1 Qf4 23. Qxf4 Bxf4 24. d5 Ne5 25. g3 Bh6 26. f4 Ng4
27. c4 f6 28. Kc2 Re3 29. Rg1 g5 30. Bd4 Re2+ 31. Kd3 Rxa2 32. Re1 gxf4 33. Re8+
Kd7 34. Rg8 Nf2+ 35. Bxf2 Rxf2 36. gxf4 Rxf4 37. Rh8 Bg5 38. Rxh7+ Kd6 0-1

[Event "AUTO-ADV-4154"]
[Site "http://www.queenalice.com/game.php?id=1565208"]
[Date "2019.3.23"]
[Round "1"]
[White "Asspain"]
[Black "Jaumins"]
[Result "1-0"]
[WhiteElo "1980"]
[BlackElo "1833"]

1. e4 e5 2. Nf3 d6 3. d4 exd4 4. Nxd4 g6 5. Bc4 Bg7 6. O-O Nf6 7. Nc3 O-O 8. Bg5
Qe8 9. Qf3 Qe5 10. Bxf6 Bxf6 11. Nd5 Na6 12. Qxf6 Qxf6 13. Nxf6+ Kg7 14. Nd5 c6
15. Ne3 Re8 16. Bd3 Nc5 17. f3 Na4 18. Nc4 d5 19. Nd6 Re7 20. Nxc8 Rxc8 21. exd5
cxd5 22. Rae1 Rec7 23. Nb5 Rc5 24. Nd6 R8c7 25. Ne8+ Kh6 26. Nxc7 1-0